| 000 -CABECERA |
| fixed length control field |
02066nam a22003257a 4500 |
| 003 - IDENTIFICADOR DEL NÚMERO DE CONTROL |
| control field |
AR-CdUCM |
| 008 - DATOS DE LONGITUD FIJA--INFORMACIÓN GENERAL |
| fixed length control field |
190425b ||||| |||| 00| 0 spa d |
| 040 ## - FUENTE DE LA CATALOGACIÓN |
| Agencia/entidad que catalogó originalmente la obra |
MUNICIPALIDAD PROVINCIAL DEL CUSCO |
| Entidad que transcribió la catalogación |
BIBLIOTECA MUNICIPAL DEL CUSCO |
| 082 ## - NÚMERO DE LA CLASIFICACIÓN DECIMAL DEWEY |
| No. de Clasificación |
Rev.MA/N°4/2000 |
| 110 ## - ENTRADA PRINCIPAL--NOMBRE DE ENTIDAD CORPORATIVA |
| Nombre de la institución, jurisdicción como entrada principal |
Universidad Nacional De San Antonio Abad del Cusco |
| 9 (RLIN) |
15942 |
| 245 ## - MENCIÓN DE TÍTULO |
| Título |
Maestros Antonianos II / |
| Mención de responsabilidad |
Universidad Nacional de San Antonio Abad del Cusco |
| 260 ## - PUBLICACIÓN, DISTRIBUCIÓN, ETC. |
| Lugar de publicación, distribución, etc. |
Cusco : |
| Nombre de la editorial, distribuidor, etc. |
UNSAAC, |
| Fecha de publicación, distribución, etc. |
2000. |
| 300 ## - DESCRIPCIÓN FÍSICA |
| Nº de Páginas Extensión |
227 páginas. : |
| Dimensiones |
25 cm. |
| 440 ## - MENCIÓN DE SERIE/PUNTO DE ACCESO ADICIONAL--TÍTULO |
| Título |
Ediciones Especiales UNSAAC |
| Número de la parte/sección de una obra |
Siglo XX. N°4 |
| 9 (RLIN) |
46794 |
| 505 ## - NOTA DE CONTENIDO CON FORMATO |
| Nota de contenido formateada |
Contenido: Alberto Coello. La estereoquímica. -- Humberto José Castro. Nueva teoría para explicar el mecanismo de los fenómenos catalíticos i de la fermentación. -- M. Alejandro Arévalo G. Teoría Atómica y Radioactividad. -- Luis A. Pardo. El Cuzco en la era megalítica. Ruinas de Hatun Rumiyoc y otros restos. Casa de Hatun Rumiyocc. Hacia Ahuacpinta. Incatiana. Restos aislados. Estilo ciclópeo. Cuando se destruyo el Cuzco de la era megalítica. -- Oswaldo Baca Mendoza. Leyes genéticas de los elementos químicos. Nuevo sistema periódico. Tesis para optar el grado de doctor en Ciencias Naturales y Físicas. Un indicador de acidez y alcalinidad. -- Horacio Villanueva Urteaga. Prehistoria. Los primeros pobladores de Cajamarca. Las toponimias aborígenes del departamento de Cajamarca. Historia. La conquista de Cajamarca. Cajamarca colonial. -- Carlos Kalafatovich V. La edad formativa de la formación Pachatusan.<br/> |
| 650 ## - PUNTO DE ACCESO ADICIONAL DE MATERIA--TÉRMINO DE MATERIA |
| Descriptor |
Intelectuales cusqueños |
| 9 (RLIN) |
46142 |
| 650 ## - PUNTO DE ACCESO ADICIONAL DE MATERIA--TÉRMINO DE MATERIA |
| Descriptor |
Cusqueños ilustres |
| 9 (RLIN) |
46064 |
| 650 ## - PUNTO DE ACCESO ADICIONAL DE MATERIA--TÉRMINO DE MATERIA |
| Descriptor |
Química |
| 9 (RLIN) |
4512 |
| 650 ## - PUNTO DE ACCESO ADICIONAL DE MATERIA--TÉRMINO DE MATERIA |
| Descriptor |
Científicos cusqueños |
| 9 (RLIN) |
46795 |
| 650 ## - PUNTO DE ACCESO ADICIONAL DE MATERIA--TÉRMINO DE MATERIA |
| Descriptor |
Arqueología cusqueña |
| 9 (RLIN) |
9322 |
| 700 ## - PUNTO DE ACCESO ADICIONAL--NOMBRE DE PERSONA |
| Nombre Personal |
Coello, Alberto |
| 9 (RLIN) |
46796 |
| 700 ## - PUNTO DE ACCESO ADICIONAL--NOMBRE DE PERSONA |
| Nombre Personal |
Arévalo, Alejandro |
| 9 (RLIN) |
46797 |
| 700 ## - PUNTO DE ACCESO ADICIONAL--NOMBRE DE PERSONA |
| Nombre Personal |
Pardo, Luis A |
| 9 (RLIN) |
25736 |
| 700 ## - PUNTO DE ACCESO ADICIONAL--NOMBRE DE PERSONA |
| Nombre Personal |
Baca Mendoza, Oswaldo |
| 9 (RLIN) |
29966 |
| 700 ## - PUNTO DE ACCESO ADICIONAL--NOMBRE DE PERSONA |
| Nombre Personal |
Vargas, César |
| 9 (RLIN) |
45886 |
| 700 ## - PUNTO DE ACCESO ADICIONAL--NOMBRE DE PERSONA |
| Nombre Personal |
Villanueva Urteaga, Horacio |
| 9 (RLIN) |
5790 |
| 700 ## - PUNTO DE ACCESO ADICIONAL--NOMBRE DE PERSONA |
| Nombre Personal |
Kalafatovich, Carlos |
| 9 (RLIN) |
45994 |
| 942 ## - ELEMENTOS DE PUNTO DE ACCESO ADICIONAL (KOHA) |
| Fuente de clasificación |
|
| Tipo de item |
Revistas cusqueñas |
| 945 ## - PROCESAMIENTO DE INFORMACIÓN LOCAL (OCLC) |
| Catalogador |
rac |